000 00431nam a2200205Ia 4500
001 000978
003 YMCAF
005 20230512160042.0
008 100717s1971 ||||||||||||||||| ||und|d
024 _a978
035 _a960
040 _aYMCAF
_beng
_cIN-KoLT
041 _aeng
082 _aELE-PRI
100 _aPRIDHAM G.J.
245 0 _aELECTRONIC DEVICE AND CIRCUITS
260 _c1971
300 _a337
942 _2ddc
_cBK
999 _c779
_d779